Normal view
MARC view
- Boyce, Jim,
Entry Personal Name
001 - CONTROL NUMBER
- control field: 100767
003 - CONTROL NUMBER IDENTIFIER
- control field: NUST
005 - DATE AND TIME OF LATEST TRANSACTION
- control field: 20221019112422.0
008 - FIXED-LENGTH DATA ELEMENTS
- fixed length control field: 221019|| aca||aabn | a|a d
040 ## - CATALOGING SOURCE
- Original cataloging agency: NUST
- Transcribing agency: NUST
100 ## - HEADING--PERSONAL NAME
- Personal name: Boyce, Jim,
- Dates associated with a name: 1958-
670 ## - SOURCE DATA FOUND
- Source citation: Work cat.: (NUST)183651: Gesner, Rusty., Inside AutoCAD :, c1991.
